Ekonomické zásady správneho užívania domového a bytového majetku a hospodárenia s ním

Salvato in:
Dettagli Bibliografici
Altri autori: Brichtová, Mária
Natura: Libro
Lingua:slovacco
Pubblicazione: Bratislava SIC SR 1998
Soggetti:
Tags: Aggiungi Tag
Nessun Tag, puoi essere il primo ad aggiungerne!!

MARC

LEADER 00000nam a2200000 4500
001 c115051
005 20221109093403.6
020 |a 80-88836-45-X 
041 0 |a slo 
044 |a SK 
245 1 0 |a Ekonomické zásady správneho užívania domového a bytového majetku a hospodárenia s ním  |c [Zodpovedná redaktorka: Mária Brichtová] 
264 1 |a Bratislava  |b SIC SR  |c 1998 
300 |a 112 s. 
610 2 0 |a byty 
610 2 0 |a bývanie 
610 2 0 |a hospodárstvo bytové 
610 2 0 |a údržba 
610 2 0 |a rekonštrukcia 
610 2 0 |a modernizácia 
610 2 0 |a vlastníctvo 
610 2 0 |a priestory nebytové 
610 2 0 |a plánovanie finančné 
610 2 0 |a rozpočtovanie 
610 2 0 |a poradenstvo 
610 2 0 |a Slovensko 
700 1 |a Brichtová, Mária